00770nam a2200253Ia 450000500170000000800410001702000150005808200180007310000220009124500480011325000190016130000480018049000290022865000240025765000210028165000200030265000170032265000170033926400370035633600270039333700330042033800280045304000350048120220317000945.0160825s1997 sp a g 000 0 spa  a848642664204a613.28 bB17n1 aBarquinero, Jorge10aNutrir y cuidar el cuerpocJorge Barquinero a1a. edición  a46 páginas bilustraciones, fotosc27 cm  aComprender la naturaleza142LEMBaNutrición 142LEMBaAlimentos 142LEMBaHigiene 142LEMBaSalud 142LEMBaDieta  aBarcelonabInstituto Monsac1997 atextobtxt2rdacontent asin mediaciónbn2rdamedia avolumenbnc2rdacarrier aCO-BoRNBPbspaerdacCO-BoRNBP